Movies Quiz

Random Movies or Letter Quiz

Condensed Movies II Quiz Stats

 Plays Quiz Updated Feb 28, 2020

Support Sporcle.
Go Orange.
Score 0/48 Timer 08:00
0 Plays Today
As seen on TV Full title % Correct
rlesqBurlesque
93.6%
ceptiInception
92.5%
nhattManhattan
91.5%
topusOctopussy
84.6%
sturbDisturbia
84%
nnequMannequin
71.8%
dazzlBedazzled
70.7%
eopatCleopatra
69.5%
nhuntManhunter
69%
adiatGladiator
65.7%
ordfiSwordfish
56.7%
mbstoTombstone
55.2%
otlooFootloose
50.6%
wfingBowfinger
50%
onrakMoonraker
49.9%
ckboxKickboxer
47.9%
izabeElizabeth
47.7%
exandAlexander
47.7%
calibExcalibur
47.5%
lloweHalloween
45%
shvilNashville
45%
ldenEGoldenEye
41.3%
ckdraBackdraft
39.2%
artacSpartacus
38.2%
As seen on TV Full title % Correct
olandZoolander
37.5%
usehuMousehunt
37.2%
gmaliPygmalion
34.5%
atbalMeatballs
31.2%
irsprHairspray
30.9%
spiciSuspicion
30.5%
ockwiClockwise
30.3%
ossfiCrossfire
28.8%
dyhawLadyhawke
28%
mbranRembrandt
27.7%
torioNotorious
25.4%
lyestPolyester
24.4%
aceCaSpaceCamp
23%
valcaCavalcade
22.8%
llipoGallipoli
22.1%
stworWestworld
20.3%
lkaboWalkabout
20.3%
ristiChristine
19.7%
angliSpanglish
19.2%
neheaConeheads
19.2%
llyanPollyanna
18.5%
astasAnastasia
18.1%
pulsiRepulsion
17.2%
meligLimelight
17.2%

You're not logged in!

Compare scores with friends on all Sporcle quizzes.
OR
Log In

From the Vault

Famous Michaels

by Derek

Our apologies to the famous Mikes, Micks, Mikeys, Mickeys, and Mischkas - this quiz is only for Mich(a)els.
Remove Ads.
Support Sporcle.
Get the best of Sporcle when you Go Orange. This ad-free experience offers more features, more stats, and more fun while also helping to support Sporcle. Thank you for becoming a member.

Show Comments

Extras

Top Quizzes Today


Score Distribution

Your Account Isn't Verified!

In order to create a playlist on Sporcle, you need to verify the email address you used during registration. Go to your Sporcle Settings to finish the process.

Report this User

Report this user for behavior that violates our Community Guidelines.

Details: